Exploring English Grammer/ (Record no. 157963)

MARC details
000 -LEADER
fixed length control field 00526nam a22001697a 4500
005 - DATE AND TIME OF LATEST TRANSACTION
control field 20181011163104.0
010 ## - LCCN (DPL NO)
LC control number B-158768
035 ## - SYSTEM CONTROL NUMBER
System control number B-158768
037 ## - SOURCE OF ACQUISITION
Source of stock number/acquisition A P H publishing corporation
082 ## - DEWEY DECIMAL CLASSIFICATION NUMBER
Classification number 485
100 ## - MAIN ENTRY--PERSONAL NAME
Personal name Kleiser, Grenville
245 ## - TITLE STATEMENT
Title Exploring English Grammer/
Statement of responsibility, etc by Grenville Kleiser
260 ## - PUBLICATION, DISTRIBUTION, ETC. (IMPRINT)
Place of publication, distribution, etc New Delhi
Name of publisher, distributor, etc A P H publishing corporation
Date of publication, distribution, etc 2004
300 ## - PHYSICAL DESCRIPTION
Extent vii, 203p.
Dimensions 20c.m.(Pbk)
942 ## - ADDED ENTRY ELEMENTS (KOHA)
Source of classification or shelving scheme Dewey Decimal Classification
Item type English Books
Classification part 485
Call number suffix KLE
Holdings
Withdrawn status Lost status Not for loan Collection code Home library Current library Date acquired Full call number Barcode Koha item type
      Non-fiction Sarojini Nagar Sarojini Nagar 11/10/2018 485 KLE B-158768 English Books

© Delhi Public Library
Hit Counter
free hit counter